Mery i differencial'nyje uravnenija v beskonečnomernych prostranstvach

Na minha lista:
Detalhes bibliográficos
Autor principal: Daleckij, Jurij L'vovič
Outros Autores: Fomin, S.V
Formato: Livro
Idioma:russo
Publicado em: Moskva Nauka 1983
Tags: Adicionar Tag
Sem tags, seja o primeiro a adicionar uma tag!

MARC

LEADER 00000nam a2200000 4500
001 c115739
005 20041019155202.3
041 0 |a rus 
044 |a RU 
245 1 0 |a Mery i differencial'nyje uravnenija v beskonečnomernych prostranstvach  |c Jurij L'vovič Daleckij, S.V. Fomin 
264 1 |a Moskva  |b Nauka  |c 1983 
300 |a 383 s. 
100 1 |a Daleckij, Jurij L'vovič 
700 1 |a Fomin, S.V.